[Event "BCF-chT3 0304 (4NCL)"]
[Site "West Bromwich"]
[Date "2003.11.23"]
[Round "2.4"]
[White "Borg, Andrew"]
[Black "Baker, Chris W"]
[Result "1/2-1/2"]
[WhiteElo "2123"]
[BlackElo "2369"]
[PlyCount "100"]
[EventDate "2003.11.23"]
[EventType "team"]
[EventRounds "11"]
[EventCountry "ENG"]
[SourceTitle "EXT 2005"]
[Source "ChessBase"]
[SourceDate "2004.11.15"]
[SourceVersion "1"]
[SourceVersionDate "2004.11.15"]
[SourceQuality "1"]
[WhiteTeam "Nidum Liberals"]
[BlackTeam "Hilsmark Kingfisher"]
[WhiteTeamCountry "ENG"]
[BlackTeamCountry "ENG"]

1. c4 e5 2. Nc3 Nf6 3. Nf3 Nc6 4. g3 g6 5. Bg2 Bg7 6. 0-0 0-0 7. d3 d6 8. Rb1 a5 9. a3 h6 10. Bd2 Be6 11. b4 axb4 12. axb4 Qd7 13. b5 Ne7 14. e4 Bh3 15. Qc2 Bxg2 16. Kxg2 Nh5 17. Nd5 Nxd5 18. cxd5 f5 19. Ng1 Rac8 20. Ne2 g5 21. f3 Nf6 22. Bc3 Qf7 23. d4 fxe4 24. fxe4 Qg6 25. dxe5 Qxe4+ 26. Qxe4 Nxe4 27. Rb4 Rxf1 28. Kxf1 Rf8+ 29. Kg1 Nxc3 30. Nxc3 Bxe5 31. Rc4 Rf3 32. Ne4 Rb3 33. Rxc7 Rxb5 34. Rd7 Rxd5 35. Rxb7 Rd4 36. Nf2 Rd2 37. Ng4 Bg7 38. Kf1 h5 39. Nf2 d5 40. Rd7 Bc3 41. Nh3 g4 42. Nf4 d4 43. Kg1 Kf8 44. Rh7 d3 45. Nxd3 Rxd3 46. Rxh5 Bf6 47. Rf5 Kg7 48. Rf4 Rd1+ 49. Kg2 Rd2+ 50. Kg1 Rd1+ 1/2-1/2

[Event "West Wales-Gwent"]
[Site "Swansea"]
[Date "2002.11.17"]
[Round "?"]
[White "Hewitt, William"]
[Black "Borg, Andrew"]
[Result "1/2-1/2"]
[WhiteElo "2060"]
[BlackElo "2124"]
[PlyCount "30"]
[EventDate "2002.??.??"]
[EventType "team"]
[EventRounds "1"]
[EventCountry "WLS"]
[SourceTitle "EXT 2004"]
[Source "ChessBase"]
[SourceDate "2003.11.25"]
[SourceVersion "1"]
[SourceVersionDate "2003.11.25"]
[SourceQuality "1"]
[WhiteTeam "West Wales"]
[BlackTeam "Gwent"]
[WhiteTeamCountry "WLS"]
[BlackTeamCountry "WLS"]

1. e4 c5 2. Nf3 g6 3. c4 Nc6 4. d4 cxd4 5. Nxd4 Bg7 6. Be3 Nf6 7. Nc3 d6 8. Be2 0-0 9. 0-0 Bd7 10. h3 a6 11. Qd2 Rc8 12. Rac1 Nxd4 13. Bxd4 Bc6 14. f3 a5 15. b3 Nd7 1/2-1/2

[Event "EU-Cup 18th"]
[Site "Kallithea"]
[Date "2002.09.26"]
[Round "5.4"]
[White "Borg, Andrew"]
[Black "Finkel, Alexander"]
[Result "0-1"]
[WhiteElo "2124"]
[BlackElo "2485"]
[PlyCount "92"]
[EventDate "2002.09.22"]
[EventType "team-swiss"]
[EventRounds "7"]
[EventCountry "GRE"]
[SourceTitle "CBM 092"]
[Source "ChessBase"]
[SourceDate "2003.02.06"]
[SourceVersion "1"]
[SourceVersionDate "2003.02.06"]
[SourceQuality "1"]
[WhiteTeam "Cardiff"]
[BlackTeam "Tel Aviv Shlomo Har Zvi"]
[WhiteTeamCountry "WLS"]
[BlackTeamCountry "ISR"]

1. d4 g6 2. c4 Bg7 3. e4 d6 4. Nc3 Nc6 5. Be3 Nf6 6. h3 0-0 7. Nf3 e5 8. dxe5 Nxe5 9. Nxe5 dxe5 10. Qxd8 Rxd8 11. Be2 c6 12. 0-0 Be6 13. Rfd1 Rxd1+ 14. Rxd1 Kf8 15. g4 Ke8 16. Kg2 Bf8 17. f3 Be7 18. b3 Nd7 19. Na4 f6 20. Rh1 Bf7 21. Rd1 b6 22. Nb2 Bc5 23. Kf2 Ke7 24. Nd3 Bxe3+ 25. Kxe3 Nf8 26. f4 exf4+ 27. Nxf4 g5 28. Nd3 Ng6 29. c5 b5 30. Bf3 Rc8 31. Rd2 a5 32. Bd1 Rc7 33. Rf2 h6 34. Rb2 Bg8 35. Rf2 Bh7 36. Bc2 Ke6 37. Rd2 Rd7 38. Bb1 Nf4 39. Nf2 Ng2+ 40. Ke2 Rxd2+ 41. Kxd2 Ke5 42. a3 Kd4 43. Bc2 Kxc5 44. Kc3 b4+ 45. axb4+ axb4+ 46. Kd2 Kd4 0-1